| 000 | 00548nam a2200193 a 4500 | ||
|---|---|---|---|
| 005 | 20140310183350.0 | ||
| 008 | 070620s19uu xx 00 eng d | ||
| 020 | _a1405120274 | ||
| 050 |
_aPN 1994 _b.P575 2006 |
||
| 100 | _aCarroll, Noel, edited by | ||
| 245 |
_aPhilosophy of film and motion pictures : _ban anthology. |
||
| 260 |
_aUnited Kingdom : _bBlackwell Publishing, _c2006. |
||
| 300 |
_a430 p. : _bill. ; _c27 cm |
||
| 521 | _aMC | ||
| 650 | _aMotion pictures. | ||
| 700 | _aChoi, Jinhee | ||
| 942 |
_cBK _2lcc _kFOR |
||
| 999 |
_c22058 _d22058 |
||